| 000 | 01474nam a2200433 i 4500 | ||
|---|---|---|---|
| 001 | 53143 | ||
| 003 | ES-MaCES | ||
| 005 | 20250203133004.0 | ||
| 008 | 240417s2023 sp 000 | spa d | ||
| 017 |
_aV 4017-2023 _bDL |
||
| 020 | _a9788411977081 | ||
| 040 |
_aES-MaCES _bspa _cES-MaCES |
||
| 100 | 1 |
_916923 _aLópez Insua, Belén del Mar |
|
| 245 | 1 | 3 |
_aLa protección de los mayores en la era digital _b: entre trabajo y jubilación _cBelén del Mar López Insúa |
| 260 |
_aValencia _bTirant lo Blanch _c2024 |
||
| 300 |
_a365p. _c22 cm |
||
| 490 | 1 | _aTirant monografías. Alta calidad en investigación jurídica | |
| 504 | _aBibliografía: p. 345-365 | ||
| 541 | 0 | _cCompra | |
| 650 | 4 |
_atrabajo _928289 |
|
| 650 | 4 |
_acambio tecnológico _928236 |
|
| 650 | 4 |
_atecnología de la información _930104 |
|
| 650 | 4 |
_aevaluación del impacto _930732 |
|
| 650 | 4 |
_atrabajador de edad avanzada _928410 |
|
| 650 | 4 |
_adiscriminación por edad _929857 |
|
| 650 | 4 |
_adiscriminación por razones de sexo _929521 |
|
| 650 | 4 |
_adespido _928352 |
|
| 650 | 4 |
_ajubilación _928360 |
|
| 650 | 4 |
_arégimen de pensión _927042 |
|
| 650 | 4 |
_ajubilación anticipada _929152 |
|
| 650 | 4 |
_ajubilación parcial _930258 |
|
| 650 | 4 |
_apolítica de empleo _928300 |
|
| 650 | 4 |
_areforma de la seguridad social _930668 |
|
| 650 | 4 |
_aEspaña _926964 |
|
| 653 | 1 | 0 | _aSeguridad Social |
| 830 | 0 |
_aTirant monografías _932480 |
|
| 902 | _aLIB Libro | ||
| 942 |
_2CES _cBK _h3.0. |
||
| 999 |
_c53143 _d53143 |
||